| 000 | 00631nam a22001937a 4500 | ||
|---|---|---|---|
| 005 | 20161206101255.0 | ||
| 010 | _aENG-116304 | ||
| 020 | _c1530.00 | ||
| 035 | _aEN-99836 | ||
| 037 | _bDBAD/PUB | ||
| 082 | _a347.54077 | ||
| 100 | _aBissa,Raman | ||
| 245 |
_aCTR year book : _cby Raman Bissa [and] Rajesh Kapoor _bby complete digest of judgments reported during the year 2015 in CTR, ITR & Taxman / |
||
| 260 |
_aJodhpur _bCurrent Tax Reporter _c2016 |
||
| 270 |
_a34- Heavy Industrial Area _bJodhpur _e342003 |
||
| 300 |
_a1264p _c24cm(Hb) |
||
| 700 | _a Kapoor,Rajesh | ||
| 942 |
_2ddc _cEN _m BIS _h347.54077 |
||
| 999 |
_c104252 _d104252 |
||